000 00655nam a2200241Ia 4500
005 20250425162621.0
008 250425s9999 xx 000 0 und d
020 _a9789978671795
041 _aspa
082 _a320.5
100 _aTORRE, CARLOS DE LA
245 0 _aEL RETORNO DEL PUEBLO: POPULISMO Y NUEVAS DEMOCRACIAS EN AMERICA LATINA
250 _a1A ED.
260 _aEcuador
_bFLACSO, SEDE ECUADOR: MINISTERIO DE CULTURA DEL ECUADOR
_c2008
260 _aS.L.
300 _a300
650 _aAMERICA LATINA
650 _aLIDERAZGO POLITICO
650 _aPOPULISMO
700 _aPERUZZOTTI, ENRIQUE
942 _c01
010 _a90535
999 _c232930
_d232930